000
00300nam a22001337a 4500
003
OSt
005
20240321095701.0
008
240321b |||||||| |||| 00| 0 eng d
040
_c
OB
245
_a
රෝහිණී
260
_a
Saman press
300
_a
135p.,21cm
_b
Damaged
942
_2
udc
_c
BK
_n
0
999
_c
145395
_d
145395